Messi X Cristiano Ronaldo - Statistics

Estatísticas Gerais
  • Esse quiz foi jogado 1 027 vezes
    1 009 desde o último reset
  • A pontuação média é 11 de 15
Estatísticas das Respostas
Questão Resposta % Correto
(+) Gols na Carreira
98%
Títulos da UEFA Champions League
93%
Bolas de Ouro (Ballon d'Or) + Prêmio "The Best"
93%
Assistências na Carreira
92%
Gols na UEFA Champions League
92%
Quem tem mais filhos
89%
Cartões Amarelos Recebidos
84%
Gols pela Seleção Nacional
80%
Títulos na Carreira
79%
Mais Gols em um único Clube
75%
Quem tem título pela Seleção?
57%
Mais Títulos Nacionais (Ligas Europeias)
52%
Quem errou mais pênaltis na Carreira
47%
Assistências na UEFA Champions League
43%
Quem nunca fez gol no Brasil (em jogos oficiais)
14%
Nenhum quiz correspondente encontrado
Distribuição das Pontuações
Porcentagem de Pessoas com Cada Pontuação
Percentil de Números Respondidos
Sua Pontuação Histórica
Você não jogou esse quiz desde o último reset